[Event "AUTO-OPEN-2839"]
[Site "http://www.queenalice.com/game.php?id=1120580"]
[Date "2012.11.10"]
[Round "1"]
[White "gu1999"]
[Black "BrennoMoreira"]
[Result "1-0"]
[WhiteElo "1773"]
[BlackElo "1280"]

1. e4 d5 2. e5 f6 3. Nf3 c5 4. c3 d4 5. cxd4 cxd4 6. Bb5+ Bd7 7. Qa4 e6 8. Bxd7+
Nxd7 9. exf6 Nxf6 10. Nxd4 Rc8 11. O-O Qc7 12. Nc3 Ng4 13. g3 Bc5 14. Nxe6 Qe5
15. Qxg4 h5 16. Qe4 Qc7 17. Nxc7+ Kd8 18. N3d5 Re8 19. Qh4+ Be7 20. Re1 g6 21.
Rxe7 Rxc7 22. Nxc7 Rxe7 23. Nd5 b5 24. Qxe7+ 1-0

[Event "AUTO-OPEN-2839"]
[Site "http://www.queenalice.com/game.php?id=1120581"]
[Date "2012.11.10"]
[Round "1"]
[White "BrennoMoreira"]
[Black "gu1999"]
[Result "0-1"]
[WhiteElo "1282"]
[BlackElo "1771"]

1. d4 Nf6 2. Nc3 g6 3. e4 d6 4. d5 e6 5. Nf3 Bg7 6. Bg5 O-O 7. h4 exd5 8. exd5
Re8+ 9. Be2 Bg4 10. h5 Bxh5 11. Qd3 Nbd7 12. Rd1 Ne5 13. Qe3 Nxf3+ 14. gxf3 Rxe3
15. fxe3 Qe7 16. a4 h6 17. Ne4 hxg5 18. Nxg5 Qxe3 19. Nh3 Bxf3 20. Rh2 Re8 21.
Ng5 Bxe2 22. Rd2 Bf3+ 0-1

[Event "AUTO-OPEN-2839"]
[Site "http://www.queenalice.com/game.php?id=1120582"]
[Date "2012.11.10"]
[Round "1"]
[White "gu1999"]
[Black "Arwan"]
[Result "1-0"]
[WhiteElo "1775"]
[BlackElo "1802"]

1. e4 e5 2. Nf3 Nc6 3. Bb5 a6 4. Bxc6 dxc6 5. O-O Bg4 6. h3 Bh5 7. g4 Bg6 8.
Nxe5 Bd6 9. Nxg6 hxg6 10. Kg2 Qh4 11. Qf3 Nf6 12. Re1 Be5 13. c3 O-O-O 14. d4
Bh2 15. Kxh2 Nxg4+ 16. Kg2 Nxf2 17. Re3 Nxh3 18. Qxh3+ Qxh3+ 19. Rxh3 Rde8 20.
Rxh8 Rxh8 21. Bf4 Rh4 22. Kg3 g5 23. Na3 Rxf4 24. Rh1 Rxe4 25. Rh7 f5 26. Rxg7
Rg4+ 27. Kf3 Rg1 28. Nc4 f4 29. Ne5 a5 30. Rg8# 1-0

[Event "AUTO-OPEN-2839"]
[Site "http://www.queenalice.com/game.php?id=1120583"]
[Date "2012.11.10"]
[Round "1"]
[White "Arwan"]
[Black "gu1999"]
[Result "1-0"]
[WhiteElo "1894"]
[BlackElo "1782"]

1. e4 e6 2. d4 d5 3. Nc3 Nf6 4. Bg5 Bb4 5. e5 h6 6. Bh4 g5 7. Bg3 Bxc3+ 8. bxc3
Ne4 9. Ne2 c5 10. Qd3 Qa5 11. f3 Nxg3 12. Nxg3 cxd4 13. Qxd4 Nc6 14. Qe3 d4 15.
Qd3 Qxc3+ 16. Qxc3 dxc3 17. Bb5 Bd7 18. Rb1 b6 19. O-O Nxe5 20. a4 Bxb5 21. axb5
Ke7 22. Rb3 Rac8 23. Ne4 Rhd8 24. Nxc3 Rd2 25. Rc1 Nc4 26. Ne4 Re2 27. Rc3 Nd6
28. Rxc8 Nxc8 29. Kf1 Re3 30. Ra1 f5 31. Kf2 f4 32. g3 e5 33. c4 Rb3 34. gxf4
exf4 35. Re1 Kf7 36. h3 Rd3 37. Rc1 Nd6 38. Nxd6+ Rxd6 39. Re1 Rd2+ 40. Re2
Rxe2+ 41. Kxe2 Ke6 42. Kd2 Kd6 43. Kc3 Kc5 44. Kd3 Kb4 45. Kd4 h5 46. Kd3 g4 47.
fxg4 hxg4 48. hxg4 f3 49. g5 1-0

[Event "AUTO-OPEN-2839"]
[Site "http://www.queenalice.com/game.php?id=1120584"]
[Date "2012.11.10"]
[Round "1"]
[White "gu1999"]
[Black "sovay"]
[Result "0-1"]
[WhiteElo "1793"]
[BlackElo "2413"]

1. e4 d5 2. e5 Bf5 3. d4 e6 4. Bd3 Bxd3 5. Qxd3 c5 6. dxc5 Bxc5 7. Nc3 Nc6 8. f4
Nh6 9. Be3 Bxe3 10. Qxe3 d4 0-1

[Event "AUTO-OPEN-2839"]
[Site "http://www.queenalice.com/game.php?id=1120585"]
[Date "2012.11.10"]
[Round "1"]
[White "sovay"]
[Black "gu1999"]
[Result "1-0"]
[WhiteElo "2437"]
[BlackElo "1791"]

1. e4 e6 2. d4 d5 3. exd5 exd5 4. Nf3 Nf6 5. Bd3 Bd6 6. O-O O-O 7. Bg5 h6 8. Bh4
c6 9. Nbd2 Bg4 10. h3 Bxf3 11. Qxf3 Nbd7 12. c4 Qb6 13. c5 Qxb2 14. cxd6 Qxd2
15. Rab1 b6 16. a3 Rfe8 17. Rfc1 c5 18. Rd1 Qa5 19. Rb5 Qa6 20. Rxc5 Qb7 21. Rc7
Qb8 22. Bf5 1-0

[Event "AUTO-ADV-2673"]
[Site "http://www.queenalice.com/game.php?id=1120765"]
[Date "2012.11.10"]
[Round "1"]
[White "ricardoaurelio"]
[Black "gu1999"]
[Result "1/2-1/2"]
[WhiteElo "1788"]
[BlackElo "1770"]

1. e4 e6 2. Nf3 c5 3. Nc3 a6 4. a4 Qc7 5. Bc4 Be7 6. d3 d6 7. O-O Nf6 8. Bf4 O-O
9. Re1 e5 10. Be3 Nc6 11. Nd5 Nxd5 12. Bxd5 Nb4 13. Bb3 Be6 14. Bxe6 fxe6 15. c3
Nc6 16. Qb3 Qd7 17. a5 d5 18. exd5 exd5 19. c4 d4 20. Bd2 Bd6 21. Ng5 Nd8 22.
Qb6 Qc6 23. Ne4 Be7 24. Qxc6 Nxc6 25. Bg5 Bxg5 26. Nxg5 Nb4 27. Red1 b5 28. axb6
Rab8 29. Ra5 Rxb6 30. Rxc5 Nc6 31. Ne6 Rf6 32. Nc7 Rxb2 33. Nxa6 Rfxf2 34. Rxc6
Rxg2+ 35. Kf1 Rbf2+ 36. Ke1 Re2+ 37. Kf1 Ref2+ 38. Ke1 Re2+ 39. Kf1 Ref2+ 40.
Ke1 Re2+ 1/2-1/2

[Event "AUTO-ADV-2673"]
[Site "http://www.queenalice.com/game.php?id=1120766"]
[Date "2012.11.10"]
[Round "1"]
[White "gu1999"]
[Black "ricardoaurelio"]
[Result "0-1"]
[WhiteElo "1789"]
[BlackElo "1838"]

1. e4 e5 2. Nf3 Nc6 3. Bb5 Bd6 4. O-O Nf6 5. Re1 O-O 6. c3 a6 7. Ba4 b5 8. Bc2
Bb7 9. d4 Re8 10. Nbd2 Na5 11. Nf1 Qe7 12. Bg5 h6 13. dxe5 Bxe5 14. Nxe5 Qxe5
15. Bxf6 Qxf6 16. Qxd7 Re7 17. Qf5 Nc4 18. Qxf6 gxf6 19. b3 Nd6 20. Ng3 Rae8 21.
Kf1 Kg7 22. Nf5+ Nxf5 23. exf5 Rxe1+ 24. Rxe1 Rxe1+ 25. Kxe1 Bxg2 26. Kd2 h5 27.
Ke3 c5 28. Be4 Bf1 29. Bb7 a5 30. Ba6 h4 31. a4 bxa4 32. Bxf1 a3 33. b4 a2 0-1

[Event "AUTO-ADV-2673"]
[Site "http://www.queenalice.com/game.php?id=1120779"]
[Date "2012.11.10"]
[Round "1"]
[White "Aadii"]
[Black "gu1999"]
[Result "1-0"]
[WhiteElo "1861"]
[BlackElo "1803"]

1. d4 Nf6 2. c4 g6 3. Nc3 d5 4. Nf3 Bg7 5. cxd5 Nxd5 6. e4 Nxc3 7. bxc3 c5 8.
Bb5+ Bd7 9. Qa4 O-O 10. O-O Bxb5 11. Qxb5 Qc7 12. Rb1 b6 13. a4 cxd4 14. cxd4
Nc6 15. d5 Ne5 16. Nxe5 Bxe5 17. g3 h5 18. Be3 h4 19. Rbc1 Qb8 20. f4 hxg3 21.
fxe5 gxh2+ 22. Kxh2 Qxe5+ 23. Bf4 Qh5+ 24. Kg3 g5 25. Be3 Qh4+ 26. Kf3 g4+ 27.
Ke2 g3 28. Kd3 1-0

[Event "AUTO-ADV-2673"]
[Site "http://www.queenalice.com/game.php?id=1120780"]
[Date "2012.11.10"]
[Round "1"]
[White "gu1999"]
[Black "Aadii"]
[Result "1-0"]
[WhiteElo "1792"]
[BlackElo "1899"]

1. e4 c5 2. Nf3 e6 3. d4 d5 4. exd5 exd5 5. Nc3 Nf6 6. Bg5 Nc6 7. dxc5 Bxc5 8.
Nxd5 Be7 9. Nxf6+ Bxf6 10. Qxd8+ Bxd8 11. Bxd8 Nxd8 12. Bb5+ Bd7 13. Bxd7+ Kxd7
14. O-O-O+ Kc7 15. Ne5 Rc8 16. Rd7+ Kb8 17. Nxf7 Rf8 18. Nxd8 Rcxd8 19. Rxd8+
Rxd8 20. Rd1 Rxd1+ 21. Kxd1 Kc7 22. Ke2 Kd6 23. Kd3 Kd5 24. f4 b5 25. a3 h5 26.
b3 a5 27. c4+ bxc4+ 28. bxc4+ Kc5 29. g3 g6 30. h3 a4 31. g4 hxg4 32. hxg4 1-0

[Event "AUTO-ADV-2673"]
[Site "http://www.queenalice.com/game.php?id=1120787"]
[Date "2012.11.10"]
[Round "1"]
[White "pgierech"]
[Black "gu1999"]
[Result "1-0"]
[WhiteElo "1977"]
[BlackElo "1812"]

1. c4 Nf6 2. Nc3 g6 3. d4 c5 4. d5 d6 5. e4 e6 6. Bg5 Bg7 7. Qf3 O-O 8. Bd3 a6
9. Nge2 h6 10. Bd2 exd5 11. exd5 Bg4 12. Qg3 Re8 13. O-O h5 14. h3 Bxe2 15. Nxe2
Ne4 16. Bxe4 b5 17. Bd3 b4 18. Rab1 1-0

[Event "AUTO-ADV-2673"]
[Site "http://www.queenalice.com/game.php?id=1120788"]
[Date "2012.11.10"]
[Round "1"]
[White "gu1999"]
[Black "pgierech"]
[Result "0-1"]
[WhiteElo "1789"]
[BlackElo "2004"]

1. e4 e5 2. Nf3 Nc6 3. Bb5 a6 4. Bxc6 dxc6 5. O-O f6 6. d4 exd4 7. Nxd4 Bc5 8.
Nb3 Qxd1 9. Rxd1 Bb6 10. Nc3 Ne7 11. Bf4 Bg4 12. Rd3 O-O 13. Rg3 Bh5 14. Na4 Ba7
15. Bxc7 Kh8 16. Nbc5 b5 17. Nb6 Rae8 18. Ncd7 Rg8 19. e5 Nf5 20. Rd3 fxe5 21.
Nxe5 Bxb6 22. g4 Bxc7 0-1

[Event "AUTO-OPEN-2913"]
[Site "http://www.queenalice.com/game.php?id=1149965"]
[Date "2013.2.8"]
[Round "1"]
[White "nevermore17"]
[Black "gu1999"]
[Result "1-0"]
[WhiteElo "2355"]
[BlackElo "1721"]

1. f4 Nf6 2. Nf3 d5 3. e3 Bg4 4. h3 Bf5 5. b3 e6 6. Bb2 c5 7. Bb5+ Nc6 8. Ne5
Qb6 9. Qe2 Bxc2 10. O-O Be7 11. Nc3 O-O 12. Bxc6 1-0

[Event "AUTO-OPEN-2913"]
[Site "http://www.queenalice.com/game.php?id=1149985"]
[Date "2013.2.8"]
[Round "1"]
[White "gu1999"]
[Black "KnightChess"]
[Result "0-1"]
[WhiteElo "1779"]
[BlackElo "1570"]

1. e4 c5 2. Nf3 d6 3. d4 cxd4 4. Nxd4 e5 5. Nb5 Nf6 6. N1c3 Be7 7. Bg5 O-O 8.
Bd3 Nc6 9. O-O Nd4 10. Bxf6 Bxf6 11. Nxd4 exd4 12. Nd5 Be6 13. Bc4 Rc8 14. Qd3
a6 15. Rad1 b5 16. Bb3 Be5 17. f4 Bg4 18. Rd2 Bf6 0-1

[Event "AUTO-OPEN-2913"]
[Site "http://www.queenalice.com/game.php?id=1149986"]
[Date "2013.2.8"]
[Round "1"]
[White "KnightChess"]
[Black "gu1999"]
[Result "1-0"]
[WhiteElo "1613"]
[BlackElo "1779"]

1. d4 Nf6 2. c4 g6 3. Nc3 c5 4. Nf3 Bg7 5. e4 O-O 6. e5 Ne8 7. Be2 cxd4 8. Qxd4
d6 9. Qh4 dxe5 10. Ng5 Nf6 11. O-O Bf5 12. g4 Bd7 13. Nge4 Bc6 14. f3 Nxe4 15.
Nxe4 Bxe4 16. fxe4 Qd4+ 17. Kh1 Qxe4+ 18. Bf3 Qxc4 19. Bh6 e4 20. Rac1 1-0

[Event "AUTO-ADV-2754"]
[Site "http://www.queenalice.com/game.php?id=1150027"]
[Date "2013.2.8"]
[Round "1"]
[White "gu1999"]
[Black "Snoopy_GM"]
[Result "0-1"]
[WhiteElo "1758"]
[BlackElo "1967"]

1. e4 e5 2. Nf3 Nc6 3. Bb5 Nge7 4. O-O g6 5. c3 Bg7 6. d4 a6 7. Ba4 b5 8. Bc2 d5
9. dxe5 Nxe5 10. exd5 Qxd5 11. Qxd5 Nxd5 12. Re1 f6 13. Be4 Be6 0-1

[Event "AUTO-ADV-2754"]
[Site "http://www.queenalice.com/game.php?id=1150028"]
[Date "2013.2.8"]
[Round "1"]
[White "Snoopy_GM"]
[Black "gu1999"]
[Result "1-0"]
[WhiteElo "1959"]
[BlackElo "1766"]

1. d4 Nf6 2. c4 g6 3. Nc3 c5 4. d5 d6 5. e4 Bg7 6. Bd3 e6 7. Bg5 exd5 8. cxd5
O-O 9. Qf3 Re8 10. Nge2 Bg4 11. Qe3 Na6 12. Bxa6 bxa6 13. h3 1-0

[Event "AUTO-ADV-2754"]
[Site "http://www.queenalice.com/game.php?id=1150029"]
[Date "2013.2.8"]
[Round "1"]
[White "gu1999"]
[Black "clovis"]
[Result "0-1"]
[WhiteElo "1779"]
[BlackElo "1847"]

1. e4 e5 2. Nf3 Nc6 3. Bb5 f5 4. Bxc6 dxc6 5. exf5 e4 6. Qe2 Qe7 7. Nd4 Qe5 8.
Nf3 Qe7 9. Nd4 Nf6 10. O-O Qe5 11. Nf3 Qe7 12. Nd4 Qe5 13. Nf3 Qxf5 14. d3 Bd6
15. dxe4 Qh5 16. e5 O-O 17. exf6 Rxf6 18. Qc4+ Be6 19. Qh4 Bg4 20. Qxh5 Bxh5 0-1

[Event "AUTO-ADV-2754"]
[Site "http://www.queenalice.com/game.php?id=1150030"]
[Date "2013.2.8"]
[Round "1"]
[White "clovis"]
[Black "gu1999"]
[Result "1-0"]
[WhiteElo "1895"]
[BlackElo "1717"]

1. e4 e6 2. d4 d5 3. exd5 exd5 4. c4 dxc4 5. Bxc4 c5 6. Nf3 Nf6 7. O-O cxd4 8.
Qb3 Qc7 9. Ng5 Bd6 10. Bxf7+ Kf8 11. h3 h6 12. Ne6+ Bxe6 13. Bxe6 Nc6 14. Na3 a6
15. Nc4 Na5 16. Qa4 Nxc4 17. Bxc4 b5 18. Bxb5 1-0

[Event "AUTO-ADV-2754"]
[Site "http://www.queenalice.com/game.php?id=1150031"]
[Date "2013.2.8"]
[Round "1"]
[White "gu1999"]
[Black "kakocarvalho"]
[Result "0-1"]
[WhiteElo "1750"]
[BlackElo "1766"]

1. e4 d5 2. e5 Nc6 3. d4 a6 4. c3 Bf5 5. Bd3 Bxd3 6. Qxd3 g6 7. f4 Bg7 8. g4 e6
9. Ne2 Qh4+ 10. Ng3 Qxg4 11. Be3 Nge7 12. Rg1 O-O 13. Nd2 Bh6 0-1

[Event "AUTO-ADV-2754"]
[Site "http://www.queenalice.com/game.php?id=1150032"]
[Date "2013.2.8"]
[Round "1"]
[White "kakocarvalho"]
[Black "gu1999"]
[Result "1-0"]
[WhiteElo "1781"]
[BlackElo "1735"]

1. Nf3 d5 2. g3 Nc6 3. Bg2 Bf5 4. d3 e5 5. O-O Nf6 6. Nbd2 Bd6 7. Re1 O-O 8. e4
dxe4 9. dxe4 Bg4 10. c3 Bh5 11. Qb3 b6 12. Nc4 Bg6 13. Nfd2 h5 14. Nxd6 cxd6 15.
Nf3 Bxe4 16. Bg5 1-0